| 000 | 00829nam a2200205Ia 4500 | ||
|---|---|---|---|
| 008 | 0000001985 fr a 0000000000fre00 | ||
| 090 | _aPSZ00 T67c | ||
| 100 | 1 |
_aToroni, Niele _d1937 |
|
| 245 | 1 | 0 |
_aCoup d ́oeil _b: Niele Toroni _c/ fotos Balthasar Burkhard ... [et al.] |
| 300 |
_a[32] p. _c/ 30 cm. |
||
| 500 | _aExposición realizada en ARC Musée d'Art Moderne de la Ville de Paris, Marzo 2 Abril 24, 1985 \ Con el patronazgo del maestro venezolano Jesús Rafael Soto (q.e.p.d.) | ||
| 600 | 0 | 0 |
_aTORONI, NIELE, 1937/ _xTRABAJOS PICTORICOS |
| 650 | 1 | 4 | _aARTE CONTEMPORANEO SUIZO |
| 650 | 1 | 4 | _xCATALOGOS |
| 650 | 1 | 4 | _xEXPOSICIONES |
| 650 | 1 | 4 | _aPINTORES SUIZOS |
| 650 | 1 | 4 | _aPINTURA SUIZA |
| 700 | 1 | _aBurkhard, Balthasar | |
| 999 |
_c6708 _d6708 |
||
| 260 |
_aParis : ARC/ Musee d ́Art Moderne de la Ville de Paris _c1985 |
||